Loading...
| History - American | 0 | 1 | 0 | 1 | 10 | 126 | 126.00 | 0 | 0 | 0.07 | 1.14 |
| Science - Physics | 0 | 1 | 0 | 0 | 10 | 74 | 74.00 | 0 | 0 | 3.53 | 3.41 |
| Religion | 0 | 1 | 0 | 0 | 10 | 119 | 119.00 | 0 | 0 | 0.08 | 1.25 |
| History - World | 0 | 1 | 0 | 1 | 10 | 112 | 112.00 | 0 | 0 | 0.07 | 1.04 |
| Literature - American | 0 | 1 | 0 | 1 | 10 | 153 | 153.00 | 0 | 0 | 0.06 | 1.14 |
| Pop Culture | 0 | 1 | 1 | 0 | 5 | 85 | 85.00 | 0 | 0 | 7.22 | 12.50 |
| Fine Arts - Other | 0 | 1 | 1 | 0 | 5 | 121 | 121.00 | 0 | 1 | 1.81 | 6.82 |
| Fine Arts - Auditory | 0 | 1 | 1 | 0 | 5 | 133 | 133.00 | 0 | 0 | 0.07 | 3.41 |
| Popular Culture | 0 | 0 | 0 | 0 | 0 | 0.00 | 0 | 0 | 0.00 | 0.00 | |
| Science - Other | 0 | 0 | 1 | 0 | -5 | 0.00 | 0 | 0 | 0.00 | 0.00 |